| 000 | 00469nam a2200157 a 4500 | ||
|---|---|---|---|
| 001 | 000028792 | ||
| 005 | 20200930055136.0 | ||
| 008 | 110412s1996 dr 000 0 spa d | ||
| 040 |
_aDO-SdBNP _bspa _cBNPHU |
||
| 082 |
_axxx _bM623b |
||
| 100 | 1 |
_aMichel, Miriam _936431 |
|
| 245 | 1 | 3 |
_aLa biobibliografía de Monseñor dr. Rafael Bello Peguero, Pbro / _cMiriam Michel. |
| 260 |
_aSanto Domingo : _bAmigo del Hogar, _c1996. |
||
| 300 |
_a10 p. ; _c21 cm. |
||
| 049 | _aBNPD | ||
| 999 |
_c28284 _d28284 |
||